CORPORATE ACCOUNTING (Record no. 26663)

000 -LEADER
fixed length control field 00299nam a2200133Ia 4500
008 - FIXED-LENGTH DATA ELEMENTS--GENERAL INFORMATION
fixed length control field 200615s9999||||xx |||||||||||||| ||und||
082 ## - DEWEY DECIMAL CLASSIFICATION NUMBER
Classification number 650
Item number COR-M
100 ## - MAIN ENTRY--PERSONAL NAME
Personal name MAHESHWARI,S.N
245 #0 - TITLE STATEMENT
Title CORPORATE ACCOUNTING
250 ## - EDITION STATEMENT
Edition statement 4TH
260 ## - PUBLICATION, DISTRIBUTION, ETC.
Place of publication, distribution, etc. New Delhi
Name of publisher, distributor, etc. VIKAS
Date of publication, distribution, etc. 2018
300 ## - PHYSICAL DESCRIPTION
Extent 0
942 ## - ADDED ENTRY ELEMENTS (KOHA)
Koha item type Book
Holdings
Withdrawn status Lost status Damaged status Not for loan Collection code Permanent Location Current Location Shelving location Date acquired Total Checkouts Full call number Barcode Date last seen Date last checked out Price effective from Koha item type
        School of Management Maharishi School of Business & Management (Lucknow) Maharishi School of Business & Management (Lucknow) R50S3 2020-06-15 3 658 SOM0636 2024-02-07 2024-01-29 2020-06-15 Book

All Rights Reserved@MUIT

Powered by Koha